Datum a čas kvízu
20
Celkem bodů
Celkový počet nahraných bodů na tomto kvízu bez doplňovacích otázek.
11.
Pořadí na kvízu
Konečné umístění týmu na tomto kvízu.
Zaznamenané odpovědi
| # | Otázka | Odpověď | Body | Výsledky |
|---|---|---|---|---|
| 1. | Která česká zoologická zahrada... | Zoo Plzeň | 0 | |
| 2. | Vskutku kuriózním způsobem vyp... | D | 0 | |
| 3. | Napište jméno skotského herce... | Iain Glen; Hra o trůny | 0 | |
| 4. | Kterou americkou komunikační p... | 0 | ||
| 5. | Fanoušek Manchesteru United, F... | C) ostříhat si vlasy | 1 | |
| 6. | Hned v úvodu bod rozdělíme: za... | Ulánbátar; Altaj | 0.5 | |
| 7. | Z následujících možností vyber... | A | 1 | |
| 8. | Jak se jmenuje hudební skupina... | The Hu | 0 | |
| 9. | Tato obydlí se v Mongolsku ozn... | jurta | 1 | |
| 10. | Jak se jmenuje česká spisovate... | Petra Hůlová | 0 |